|
|
|
|
| LEADER |
00883nam a2200301 4500 |
| 001 |
DLU040028526 |
| 005 |
##20040618 |
| 040 |
# |
# |
|a DLU
|b vie
|
| 041 |
# |
# |
|a vie
|
| 044 |
# |
# |
|a vn
|
| 082 |
# |
# |
|a 181
|b TR-H
|
| 100 |
# |
# |
|a Trần Đình Hượu,
|d 1927-1995
|
| 245 |
# |
# |
|a Các bài giảng về tư tưởng phương Đông :
|b Rút từ bài ghi của sinh viên và từ băng ghi âm /
|c Trần Đình Hượu; Lại Nguyên Ân biên soạn
|
| 250 |
# |
# |
|a In lần thứ hai
|
| 260 |
# |
# |
|a H. :
|b Đại học Quốc gia,
|c 2002
|
| 300 |
# |
# |
|a 312 tr. ;
|c 21 cm
|
| 650 |
# |
# |
|a Triết học châu Á
|v Giáo trình.
|
| 700 |
# |
# |
|a Lại Nguyên Ân
|e biên soạn
|
| 923 |
# |
# |
|a 18/2004
|
| 992 |
# |
# |
|a 25000
|
| 994 |
# |
# |
|a DLU
|
| 900 |
# |
# |
|a True
|
| 911 |
# |
# |
|a Đào Thị Thu Huyền
|
| 925 |
# |
# |
|a G
|
| 926 |
# |
# |
|a A
|
| 927 |
# |
# |
|a SH
|
| 980 |
# |
# |
|a Thư viện Trường Đại học Đà Lạt
|